Scientific cooperation : agreement between the United States of America and the Philippines, signed at Washington, June 8, 2012, with annex.

Bibliographic Details
Corporate Authors: Philippines, United States. Department of State
Format: Government Document eBook
Language:English
Published: [Washington, D.C.] : U.S. Dept. of State, [2012?]
Series:Treaties and other international acts series ; 12-1015.
Subjects:
Online Access:https://purl.fdlp.gov/GPO/gpo32447

MARC

Tag First Indicator Second Indicator Subfields
LEADER 00000cam a2200000 a 4500
001 in00002844613
005 20220106085137.0
006 m o d f
007 cr bn|||||||||
008 121221s2012 dcu oz f000 0 eng c
035 |a (OCoLC)ocn822569801 
040 |a GPO  |c GPO  |d MvI  |d UtOrBLW 
042 |a pcc 
043 |a n-us---  |a a-ph--- 
049 |a WWW 
074 |a 0899-A-01 (online) 
086 0 |a S 9.10:12-1015 
110 1 |a Philippines. 
240 1 0 |a Treaties, etc.  |g United States,  |d 2012 June 8 
245 1 0 |a Scientific cooperation :  |b agreement between the United States of America and the Philippines, signed at Washington, June 8, 2012, with annex. 
246 3 0 |a Agreement between the United States of America and the Philippines, signed at Washington, June 8, 2012, with annex 
264 1 |a [Washington, D.C.] :  |b U.S. Dept. of State,  |c [2012?] 
300 |a 1 online resource (9 unnumbered pages). 
336 |a text  |b txt  |2 rdacontent 
337 |a computer  |b c  |2 rdamedia 
338 |a online resource  |b cr  |2 rdacarrier 
490 1 |a Treaties and other international acts series ;  |v 12-1015 
500 |a Title from title screen (viewed on Dec. 21, 2012). 
500 |a Electronic resource. 
650 0 |a Research  |x Law and legislation  |z United States. 
650 0 |a Research  |x Law and legislation  |z Philippines. 
650 0 |a Communication of technical information  |z United States. 
650 0 |a Communication of technical information  |z Philippines. 
710 1 |a United States.  |b Department of State. 
830 0 |a Treaties and other international acts series ;  |v 12-1015. 
856 4 0 |u https://purl.fdlp.gov/GPO/gpo32447  |t 0 
999 |a MARS 
999 f f |s cc003ec6-304a-35a7-bf01-34204da5e30d  |i 79533825-02cc-3701-a840-c5877d1b4eaa  |t 0 
952 f f |a Texas A&M University  |b College Station  |c Electronic Resources  |d Available Online  |t 0  |e S 9.10:12-1015  |h Superintendent of Documents classification 
998 f f |a S 9.10:12-1015  |t 0  |l Available Online